Az online marketing eszközök és alkalmazási javaslatuk egy kereskedelmi vállalkozás esetében

Bibliographic Details
Main Author: Berta Zsófia
Other Authors: Papp Judit
Format: Project work
Kulcsszavak:online marketing
online kampányterv
keresőoptimalizálás
Online Access:http://dolgozattar.uni-bge.hu/16379

MARC

LEADER 00000nnm a2200000 i 4500
001 dolg16379
005 20180913142538.0
008 180516suuuu hu o 000 hun d
040 |a BGE Dolgozattár Repozitórium  |b hun 
041 |a hu 
100 1 |a Berta Zsófia 
245 1 3 |a Az online marketing eszközök és alkalmazási javaslatuk egy kereskedelmi vállalkozás esetében  |c Berta Zsófia  |h [elektronikus dokumentum] 
516 |a Project_work 
695 |a online marketing 
695 |a online kampányterv 
695 |a keresőoptimalizálás 
700 1 |a Papp Judit  |e ths 
856 4 0 |u http://dolgozattar.uni-bge.hu/16379/1/Projektmunka.pdf  |z Dokumentum-elérés